A lélektan mint lélekgyógyászat a freudi paradigma kialakulása és fejlődése /

A pszichoanalízis, a gyógyítás tudománya a többi iskolától eltérően klinikai környezetből indult, atyja Freud, aki elődeitől eltérően fiziológiai okok helyett a rossz gondolatokra helyezte az okkutatásban a hangsúlyt. Az irányzat idealista, romantikus vonalat képvisel, irracionális emberképet tükröz...

Teljes leírás

Elmentve itt :
Bibliográfiai részletek
Szerző: Kékes Szabó Marietta
Dokumentumtípus: Cikk
Megjelent: Szegedi Tudományegyetem, Bölcsészet- és Társadalomtudományi Kar Szeged 2018
Sorozat:Iskolakultúra 28 No. 10-11
Kulcsszavak:Pszichológia
Online Access:http://misc.bibl.u-szeged.hu/46254
LEADER 02029nab a2200193 i 4500
001 misc46254
005 20191122102802.0
008 191122s2018 hu o 0|| zxx d
022 |a 1215-5237 
040 |a SZTE Miscellanea Repozitórium  |b hun 
041 |a zxx 
100 2 |a Kékes Szabó Marietta 
245 1 2 |a A lélektan mint lélekgyógyászat   |h [elektronikus dokumentum] :  |b a freudi paradigma kialakulása és fejlődése /  |c  Kékes Szabó Marietta 
260 |a Szegedi Tudományegyetem, Bölcsészet- és Társadalomtudományi Kar  |b Szeged  |c 2018 
300 |a 81-89 
490 0 |a Iskolakultúra  |v 28 No. 10-11 
520 3 |a A pszichoanalízis, a gyógyítás tudománya a többi iskolától eltérően klinikai környezetből indult, atyja Freud, aki elődeitől eltérően fiziológiai okok helyett a rossz gondolatokra helyezte az okkutatásban a hangsúlyt. Az irányzat idealista, romantikus vonalat képvisel, irracionális emberképet tükröz. Freud kezdetben hipnózissal foglalkozott, majd szabad asszociációk és álomértelmezés révén elemezte páciensei pszichés életét és az indulatáttételből fakadó radikális változások serkentése révén gyógyított. Nagy jelentőséget tulajdonított a gyermekkori traumáknak. Topográfiai modelljét követően megalkotta a személyiség strukturális rendszerét, írt a veleszületett drive-okról, hangsúlyozta a szexuális ösztönök jelentőségét, a halálösztön és életösztön küzdelmét, továbbá a személyiségfejlődés kapcsán pszichoszexuális szakaszokat különített el. Nagy jelentőségű vívmánya, hogy kiterjesztette a tudattalant, és az egészséges ember működésének dinamikáját írta le. Tanítványaiból lettek a neofreudisták, míg mások újraértelmezték eredményeit. A módszer sok kutató által vitatott, felfogása és kifejezésrendszere viszont a köznyelvben is fellelhető. 
695 |a Pszichológia 
856 4 0 |u http://misc.bibl.u-szeged.hu/46254/1/iskolakultura_2018_10-11_081-089.pdf  |z Dokumentum-elérés